000 00745nac a22002171u 4500
010 _a 2002100717
020 _a0072471123 :
020 _a0072868929 :
035 _a(DLC) 2002100717
082 0 0 _a330
_bS3344
090 _c4577
_d4577
100 _aSchiller, Bradley R.,
245 1 4 _aThe economy today /
_cBradley R. Schiller.
250 _a9th ed.
260 _aBoston :
_bMcGraw-Hill/Irwin,c2003.
_cc2003.
300 _axxxiii, 770, [24] p. :
_bill. (some col.) ;
_c29 cm.
504 _aIncludes bibliographical references and index.
650 0 _aEconomics.
942 _cBB
_k330S3344
999 _c4577
_d4577